[Event "NED-chT Meesterklasse 2018-19"]
[Site "Netherlands"]
[Date "2018.09.15"]
[Round "1"]
[White "Janssen, Ruud"]
[Black "Pruijssers, Roeland"]
[Result "1-0"]
[WhiteElo "2503"]
[BlackElo "2506"]
[Annotator "TA"]
[PlyCount "67"]
[EventDate "2018.09.15"]
[EventType "team-tourn"]
[EventCountry "NED"]
[SourceTitle "playchess.com"]
[Source "ChessBase"]
[SourceQuality "1"]

{[%evp 17,67,35,30,-2,50,47,64,41,51,42,38,13,97,97,95,85,79,78,197,89,116,110,105,117,118,111,104,124,529,508,525,483,504,520,482,510,515,493,743,739,29979,29980,29972,29957,6790,693,761,1034,1000,973,798,775]} 1. d4 f5 2. c4 Nf6 3. g3 g6 4. Bg2 Bg7 5. Nf3 O-O 6. O-O d6 7. Nc3 Qe8 8. d5 Na6 9. Be3 c6 10. Qb3 {A87: Dutch Defence: Leningrad System: 5 Nf3} cxd5 $146 (10... Ng4 $11) ({Predecessor:} 10... c5 11. Bg5 Nc7 12. a4 Qf7 13. e4 e5 14. dxe6 Bxe6 15. Nd2 Nxe4 16. Ncxe4 fxe4 {1-0 (44) Stefansson,H (2541)-Nguyen,P (2397) Ceske Budejovice 2018}) 11. Nxd5 $14 Ne4 12. Rad1 {White is slightly better.} e6 13. Nc3 Bxc3 14. bxc3 Nac5 (14... Qe7 $11 {remains equal.}) 15. Qa3 $16 e5 {[#]} 16. Rxd6 $1 {[%mdl 512]} Nxd6 17. Bxc5 e4 (17... Nf7 $16 {was worth a try.}) 18. Ng5 (18. Bxd6 $18 {and the rest is easy. Strongly threatening Ne5.} exf3 19. Bxf3) 18... Nxc4 19. Qb3 b5 20. Bxf8 Kxf8 21. Nxh7+ Kg7 22. Ng5 Nd2 $2 {[%mdl 8192]} (22... Rb8 $16 {is tougher.}) 23. Qd5 $1 $18 {[%csl LRa8,LRd2]} Nxf1 24. Qxa8 Nd2 25. Qxa7+ Qd7 26. Qc5 Nc4 27. h4 Ba6 (27... Bb7 $142 28. a4 Bd5 29. axb5 Bg8) 28. e3 Qd6 29. Qa7+ Kf6 30. Qf7+ Ke5 31. Qxc4 (31. f4+ $142 exf3 32. Bxf3) 31... bxc4 32. Nf7+ Kd5 33. Nxd6 Kxd6 {[#]} 34. g4 $1 {Precision: White = 71%, Black = 27%.} 1-0

[Event "NED-chT Meesterklasse 2018-19"]
[Site "Netherlands"]
[Date "2018.09.15"]
[Round "1"]
[White "Beerdsen, Thomas"]
[Black "Tan, Justin"]
[Result "0-1"]
[WhiteElo "2476"]
[BlackElo "2501"]
[Annotator "TA"]
[PlyCount "86"]
[EventDate "2018.09.15"]
[EventType "team-tourn"]
[EventCountry "NED"]
[SourceTitle "playchess.com"]
[Source "ChessBase"]
[SourceQuality "1"]

{[%evp 9,86,-5,0,-14,-24,-18,0,-30,-22,-44,-22,-34,-23,-35,10,-35,5,-2,0,-22,-32,-80,-46,-74,-58,-77,-77,-89,-96,-142,-134,-264,-279,-293,-233,-217,-170,-166,-125,-140,-110,-204,-190,-255,-235,-381,-377,-387,-383,-438,-446,-434,-372,-425,-423,-416,-409,-568,-601,-522,-480,-464,-471,-459,-477,-476,-280,-281,0,-449,-335,-407,-385,-709,-721,-767,-729,-786,-785]} 1. e4 e5 2. Bc4 Nf6 3. d3 Nc6 4. Nc3 Na5 5. Qf3 c6 {LiveBook: 31 Games} (5... Nxc4 6. dxc4 Bb4 7. Nge2 d6 8. h3 Be6 9. b3 Nd7 10. O-O Bxc3 11. Nxc3 O-O 12. Qg3 f5 13. Bg5 {½-½ (33) Caruana,F (2822)-Aronian,L (2767) chess.com INT 2018}) 6. a3 {C28: Vienna Game: 2...Nf6 3 Bc4 Nc6} Nxc4 7. dxc4 Be7 8. h3 {The position is equal.} O-O 9. Nge2 d6 10. O-O Be6 11. b3 Ne8 $146 ({Predecessor:} 11... Qc7 12. a4 Rad8 13. Rd1 {0-1 (38) Massoni,M (2292)-Karpatchev,A (2483) Calvi 2010}) 12. g4 g6 13. Qg2 Ng7 14. Ng3 Bg5 15. Bb2 Qc7 16. Nce2 f6 17. Rad1 b5 18. cxb5 cxb5 19. Nc3 {[#]} a5 $1 20. Nxb5 (20. Qf3 $17 {was called for.}) 20... Qxc2 $19 21. Ba1 Qxb3 22. Rb1 Qa4 {White must now prevent ...Bc4.} 23. Ne2 Qc4 24. f4 exf4 {aiming for ...Rab8.} 25. Ned4 (25. Qf3 $17 {was the only defense.}) 25... Rab8 26. Qf2 (26. Qf3 {keeps fighting.}) 26... Qd3 27. Qg2 (27. h4 $142 Bh6 28. Qg2) 27... Bc4 28. a4 Qe3+ 29. Kh1 Bxf1 30. Rxf1 Kh8 31. Nf3 Qxe4 32. h4 Bh6 33. Re1 Qxa4 34. Nc3 Qc6 35. g5 Nf5 ({Weaker is} 35... fxg5 36. hxg5 Bxg5 37. Nxg5 $19) 36. gxh6 Ne3 37. Qf2 Ng4 (37... Rb3 $142 38. Kg1 Rxc3) 38. Qg2 Ne3 (38... Nxh6 $142 39. Nd4 Qxg2+ 40. Kxg2 Ng4) 39. Qf2 $1 Rbe8 40. Rg1 Nf5 41. Kh2 $2 {[#]} (41. Rd1) 41... Re3 {Black is clearly winning.} 42. Ng5 Rxc3 43. Qa7 Qc7 {Precision: White = 30%, Black = 72%.} 0-1

[Event "NED-chT Meesterklasse 2018-19"]
[Site "Netherlands"]
[Date "2018.09.15"]
[Round "1"]
[White "Riemersma, Li"]
[Black "Kuipers, Stefan"]
[Result "1-0"]
[WhiteElo "2455"]
[BlackElo "2472"]
[Annotator "TA"]
[PlyCount "79"]
[EventDate "2018.09.15"]
[EventType "team-tourn"]
[EventCountry "NED"]
[SourceTitle "playchess.com"]
[Source "ChessBase"]
[SourceQuality "1"]

{[%evp 15,79,58,60,13,97,39,130,106,128,110,113,101,120,93,85,88,105,99,233,197,214,212,204,204,191,122,101,122,133,92,73,51,100,101,104,110,118,116,102,73,131,29,44,10,19,9,9,13,-18,-87,-9,-356,-356,-331,-331,-310,-352,-278,-167,-169,779,811,1951,1990,1925,1866]} 1. c4 c6 2. Nf3 d5 3. g3 Bg4 4. Ne5 Be6 5. Bg2 Nf6 6. O-O {A11: English Opening: 1...c6} (6. cxd5 Bxd5 7. Nf3 c5 8. Nc3 Bc6 9. O-O e6 10. Qc2 Be7 11. Rd1 O-O 12. d4 cxd4 13. Nxd4 Bxg2 14. Kxg2 Nbd7 15. Bg5 {½-½ (15) Svidler,P (2765)-Karjakin,S (2760) Riadh 2017}) 6... dxc4 7. Na3 Qd4 8. Nf3 Qd5 $146 {LiveBook: 5 Games} ({Predecessor:} 8... Qc5 9. Qc2 Nbd7 10. h4 Bd5 11. d3 cxd3 12. Qxd3 e5 13. Be3 e4 14. Bxc5 exd3 15. Bxf8 dxe2 {0-1 (43) Berry,S (2298)-Schmidt,B (2344) Dresden 2018}) 9. Re1 {[%mdl 1024] White has compensation.} Nbd7 (9... Na6 $11) 10. d3 (10. d4 $16) 10... Qa5 (10... Nb6 $14) 11. Nd4 ({Don't play} 11. Nxc4 $6 Bxc4 12. dxc4 e5 $14) ({Don't do} 11. dxc4 $6 Bg4 $14) 11... Bg4 12. h3 Bh5 13. Nxc4 Qc7 14. Bd2 e6 15. b4 {[%cal Bb2b4,Bb4b5][%mdl 32]} Be7 16. b5 {[%cal Rb5c6]} Bc5 (16... c5 $16) 17. bxc6 Bxd4 18. cxd7+ Nxd7 19. Bb4 Bc5 20. Rb1 (20. Ba5 $18 Nb6 21. Rc1) 20... O-O $16 21. Bxc5 Nxc5 22. a4 {[%cal Ba2a4,Ba4a5][%mdl 32]} Rab8 23. a5 Rfd8 24. Qd2 f6 25. Rec1 e5 {[#]} 26. Qe3 $1 Rbc8 27. Rc3 Qe7 ({Black should try} 27... Bf7) 28. Rbc1 (28. f4 $16) 28... Ne6 $1 $11 29. g4 Bg6 $1 30. Qxa7 Nd4 31. Kf1 e4 32. Qb6 (32. a6 $11 {keeps the balance.} Rc7 33. axb7 Rxb7 34. Qa2) 32... exd3 $17 33. exd3 $2 {[%mdl 8192] [#]} (33. Ne3 $1 $11 Rxc3 34. Rxc3 Nxe2 35. Rc5 (35. Rc7 $2 Qe5 $19)) 33... Bxd3+ $1 $19 {[%mdl 512]} 34. Rxd3 Qe2+ 35. Kg1 Qxd3 36. Bf1 Nf3+ 37. Kh1 Qe4 $4 {[%mdl 8192]} (37... Qd7 $19 38. Rb1 Nd2 39. Nxd2 Qxd2) 38. Nd6 $18 {aiming for Qb3+.White is clearly winning.} Rxd6 39. Rxc8+ Kf7 40. Qxd6 {Precision: White = 42%, Black = 47%.} 1-0

[Event "NED-chT Meesterklasse 2018-19"]
[Site "Netherlands"]
[Date "2018.09.15"]
[Round "1"]
[White "Ris, Robert"]
[Black "Rijnaarts, Sjef"]
[Result "1-0"]
[WhiteElo "2431"]
[BlackElo "2360"]
[Annotator "TA"]
[PlyCount "85"]
[EventDate "2018.09.15"]
[EventType "team-tourn"]
[EventCountry "NED"]
[SourceTitle "playchess.com"]
[Source "ChessBase"]
[SourceQuality "1"]

{[%evp 22,85,44,33,65,54,83,79,88,62,75,87,82,60,62,68,63,71,71,0,120,96,139,124,160,120,120,118,160,149,146,133,204,186,253,227,364,346,433,432,428,427,407,411,496,478,483,475,473,468,493,477,560,543,626,509,626,626,610,598,718,716,716,687,665,678]} 1. e4 c5 2. Nf3 d6 3. d4 cxd4 4. Nxd4 Nf6 5. Nc3 a6 6. Be2 e5 7. Nf3 Be7 8. Bg5 Nbd7 9. a4 {B92: Sicilian Najdorf: 6 Be2} h6 10. Be3 b6 (10... Ng4 11. Bc1 Ngf6 12. O-O Nc5 13. Nd2 Be6 14. b3 O-O 15. Bb2 Qc7 16. Bf3 Rfd8 {0-1 (72) Grischuk,A (2766)-Vachier Lagrave,M (2779) Saint Louis 2018}) 11. Nd2 Bb7 12. Bc4 {LiveBook: 4 Games} Nf8 13. O-O Ng6 $146 ({Predecessor:} 13... Qc7 14. Qe2 Ne6 15. Bxe6 fxe6 16. Nc4 d5 17. exd5 exd5 18. Nxd5 Bxd5 19. Nxb6 {0-1 (30) Zhang,X (2327)-Bodnaruk,A (2446) China 2018}) 14. Qe2 O-O 15. Rfd1 Qc7 16. Bb3 Rab8 17. Qc4 (17. g3 {seems wilder.} Rfd8 18. Nc4 Ba8 19. Nd5 Bxd5 20. exd5 Nd7 21. c3) 17... Qxc4 18. Nxc4 Nxe4 19. Nxe4 Bxe4 20. Nxd6 ({White should play} 20. Nxb6 $16 Rfd8 21. f3) 20... Ba8 (20... Bxd6 $11 21. Rxd6 Nh4) 21. Nf5 Bg5 22. Rd7 Bxe3 23. Nxe3 Nf4 24. Kf1 Ne6 25. Bxe6 fxe6 26. b3 Kh7 (26... Be4 $16 {was worth a try.} 27. a5 Rfc8) 27. Rad1 a5 (27... Rfc8 $142 28. Re7 Be4) 28. Re7 $18 b5 (28... Rf6 $142 29. Rdd7 Rg6) 29. Rdd7 ({Not} 29. Rxe6 bxa4 30. bxa4 Rb4 $16) 29... Rg8 30. Ng4 bxa4 31. Nf6+ Kh8 32. Nxg8 Rxg8 33. bxa4 {[%mdl 4096] Endgame KRR-KRB. White is clearly winning.} Bc6 34. Ra7 Bxa4 35. Rec7 Rd8 36. Rxa5 Rd4 37. c3 Rd1+ 38. Ke2 Bb3 39. Ra8+ Kh7 40. Raa7 Rd8 41. Rxg7+ Kh8 42. Rh7+ Kg8 43. Rag7+ {Precision: White = 82%, Black = 33%.} 1-0

[Event "NED-chT Meesterklasse 2018-19"]
[Site "Netherlands"]
[Date "2018.09.15"]
[Round "1"]
[White "Warmerdam, Max"]
[Black "Andersen, Mads"]
[Result "0-1"]
[WhiteElo "2420"]
[BlackElo "2594"]
[Annotator "TA"]
[PlyCount "46"]
[EventDate "2018.09.15"]
[EventType "team-tourn"]
[EventCountry "NED"]
[SourceTitle "playchess.com"]
[Source "ChessBase"]
[SourceQuality "1"]

{[%evp 25,46,35,34,33,39,37,31,0,42,31,25,42,43,33,34,27,39,-59,-68,-166,-177,-394,-367]} 1. e4 c5 2. Nf3 d6 3. Bb5+ Bd7 4. Bxd7+ Qxd7 5. c4 Nf6 6. Nc3 g6 7. d4 cxd4 8. Nxd4 Bg7 9. f3 O-O 10. Be3 Rc8 11. b3 Nc6 12. O-O Qd8 13. Rc1 Nd7 {LiveBook: 3 Games. B52: Sicilian: Moscow Variation with 3...Bd7} (13... a6 14. Nxc6 Rxc6 15. a4 e6 16. Rf2 Qe7 17. Rd2 Rac8 18. Bg5 Qc7 19. Kh1 Nd7 20. Bf4 Bf8 21. Rb1 {½-½ (36) Blomqvist,E (2557)-Golubka,P (2373) Gothenburg 2016}) 14. Kh1 a6 15. Nxc6 $146 ({Predecessor:} 15. a4 Nc5 16. Rb1 Rab8 17. Qd2 Ne6 18. Nde2 Ne5 19. Ba7 Ra8 20. Bg1 Nd7 21. Rfd1 {½-½ (48) Richterova,N (2145)-Piza,V (2255) Czech Republic 2018}) 15... Rxc6 {White is slightly better.} 16. Bd4 Rac8 17. Bxg7 Kxg7 18. a4 e6 19. f4 Qa5 20. Rf3 Nf6 21. Qe1 ({White should try} 21. Rb1 $14) 21... d5 $1 $15 22. exd5 (22. e5 $15 Ng8 23. Rb1) 22... exd5 $19 23. Nxd5 $2 {[#]} (23. g4 dxc4 24. b4 Qxb4 25. g5) 23... Qxd5 $1 {[%mdl 512] Precision: White = 35%, Black = 56%.} 0-1

[Event "NED-chT Meesterklasse 2018-19"]
[Site "Netherlands"]
[Date "2018.09.15"]
[Round "1"]
[White "Van Delft, Merijn"]
[Black "Ootes, Lars"]
[Result "0-1"]
[WhiteElo "2386"]
[BlackElo "2374"]
[Annotator "NA"]
[PlyCount "62"]
[EventDate "2018.09.15"]
[EventType "team-tourn"]
[EventCountry "NED"]
[SourceTitle "playchess.com"]
[Source "ChessBase"]
[SourceQuality "1"]
[TimeControl "40/5400+30:1800+30"]

1. e4 {[%emt 0:00:00]} d6 {[%emt 0:00:00]} 2. d4 {[%emt 0:00:00]} Nf6 {[%emt 0:00:00]} 3. Nc3 {[%emt 0:00:00]} g6 {[%emt 0:00:00]} 4. Be3 {[%emt 0:00:20]} a6 {[%emt 0:00:16]} 5. Qd2 {[%emt 0:00:41]} b5 {[%emt 0:01:10]} 6. f3 {[%emt 0:00:42]} Nbd7 {[%emt 0:00:34]} 7. O-O-O {[%emt 0:01:05]} Bb7 {[%emt 0:03:03]} 8. Kb1 {[%emt 0:02:08]} c6 {[%emt 0:24:01]} 9. g4 {[%emt 0:04:07]} Nb6 {[%emt 0:03:10]} 10. Qf2 {[%emt 0:03:47]} b4 {[%emt 0:09:07]} 11. Nce2 {[%emt 0:00:25]} Bg7 {[%emt 0:05:45]} 12. h4 {[%emt 0:01:24]} h5 {[%emt 0:11:41]} 13. gxh5 {[%emt 0:02:30]} Nxh5 {[%emt 0:01:24]} 14. Nh3 {[%emt 0:17:21]} d5 {[%emt 0:06:40]} 15. Ng5 {[%emt 0:07:03]} Nc4 {[%emt 0:01:19]} 16. Bc1 {[%emt 0:02:45]} Qb6 {[%emt 0:00:38]} 17. Rh2 {[%emt 0:11:47]} a5 {[%emt 0:10:13]} 18. e5 {[%emt 0:10:05]} Bc8 {[%emt 0:08:22]} 19. f4 {[%emt 0:04:52]} Bf5 {[%emt 0:01:56]} 20. Bh3 {[%emt 0:04:31]} Na3+ {[%emt 0:06:39]} 21. bxa3 {[%emt 0:00:12]} Rb8 {[%emt 0:00:17]} 22. Ka1 {[%emt 0:04:45]} Bxc2 {[%emt 0:00:10]} 23. Nc3 {[%emt 0:00:55]} Bxd1 {[%emt 0:00:09]} 24. Nxd1 {[%emt 0:01:46]} bxa3 {[%emt 0:00:09]} 25. Nc3 {[%emt 0:02:34]} Qb4 {[%emt 0:00:19]} 26. Qc2 {[%emt 0:01:38]} O-O {[%emt 0:01:54]} 27. Bg4 {[%emt 0:02:44]} Rb7 {[%emt 0:01:59]} 28. Bxh5 {[%emt 0:05:50]} Rfb8 {[%emt 0:00:04]} 29. Bxg6 {[%emt 0:01:58]} fxg6 {[%emt 0:00:06]} 30. Ne6 {[%emt 0:04:17]} Qxc3+ {[%emt 0:00:16]} 31. Qxc3 {[%emt 0:00:17]} Rb1# {[%emt 0:00:05]} 0-1

[Event "NED-chT Meesterklasse 2018-19"]
[Site "Netherlands"]
[Date "2018.09.15"]
[Round "1"]
[White "Kabatianski, Alexander"]
[Black "Van der Heijden, Ton"]
[Result "1-0"]
[WhiteElo "2371"]
[BlackElo "2308"]
[Annotator "NA"]
[PlyCount "77"]
[EventDate "2018.09.15"]
[EventType "team-tourn"]
[EventCountry "NED"]
[SourceTitle "playchess.com"]
[Source "ChessBase"]
[SourceQuality "1"]
[TimeControl "40/5400+30:1800+30"]

1. d4 {[%emt 0:00:00]} Nf6 {[%emt 0:00:00]} 2. Nf3 {[%emt 0:00:00]} g6 {[%emt 0:00:05]} 3. g3 {[%emt 0:00:00]} Bg7 {[%emt 0:00:11]} 4. Bg2 {[%emt 0:00:00]} O-O {[%emt 0:00:15]} 5. O-O {[%emt 0:00:24]} d5 {[%emt 0:00:32]} 6. c4 {[%emt 0:00:23]} dxc4 {[%emt 0:00:53]} 7. Na3 {[%emt 0:00:21]} Nc6 {[%emt 0:01:20]} 8. Nxc4 {[%emt 0:00:07]} Be6 {[%emt 0:00:53]} 9. b3 {[%emt 0:00:10]} Bd5 {[%emt 0:00:15]} 10. Bb2 {[%emt 0:00:04]} a5 {[%emt 0:01:18]} 11. Ne3 {[%emt 0:09:28]} Be4 {[%emt 0:01:44]} 12. a3 {[%emt 0:00:34]} Qc8 {[%emt 0:20:45]} 13. Nc4 {[%emt 0:02:37]} Rd8 {[%emt 0:03:59]} 14. e3 {[%emt 0:15:55]} Qf5 {[%emt 0:44:08]} 15. Rc1 {[%emt 0:03:33]} g5 {[%emt 0:00:43]} 16. Ncd2 {[%emt 0:14:08]} Bd5 {[%emt 0:02:53]} 17. Re1 {[%emt 0:10:54]} Ne4 {[%emt 0:01:46]} 18. Qe2 {[%emt 0:06:15]} Nxd2 {[%emt 0:06:29]} 19. Nxd2 {[%emt 0:00:07]} Bxg2 {[%emt 0:00:07]} 20. Kxg2 {[%emt 0:00:03]} Qd5+ {[%emt 0:00:12]} 21. Kg1 {[%emt 0:02:13]} e5 {[%emt 0:00:21]} 22. e4 {[%emt 0:00:44]} Qd7 {[%emt 0:03:27]} 23. d5 {[%emt 0:00:05]} Nd4 {[%emt 0:00:05]} 24. Bxd4 {[%emt 0:08:47]} exd4 {[%emt 0:01:32]} 25. Qd3 {[%emt 0:02:40]} Ra6 {[%emt 0:04:13]} 26. Nf3 {[%emt 0:01:46]} h6 {[%emt 0:01:10]} 27. Nxd4 {[%emt 0:04:58]} Bxd4 {[%emt 0:00:27]} 28. Qxd4 {[%emt 0:00:01]} c6 {[%emt 0:00:11]} 29. Red1 {[%emt 0:03:35]} cxd5 {[%emt 0:00:19]} 30. Rc5 {[%emt 0:01:40]} Re8 {[%emt 0:02:29]} 31. exd5 {[%emt 0:02:01]} Rd6 {[%emt 0:00:31]} 32. a4 {[%emt 0:02:15]} b6 {[%emt 0:01:20]} 33. Rc3 {[%emt 0:02:23]} Rxd5 {[%emt 0:00:28]} 34. Qxd5 {[%emt 0:00:13]} Re1+ {[%emt 0:00:01]} 35. Kg2 {[%emt 0:02:30]} Rxd1 {[%emt 0:00:09]} 36. Qxd7 {[%emt 0:07:06]} Rxd7 37. Rc6 b5 38. axb5 Rd3 39. b4 {[%emt 0:00:00]} 1-0

[Event "NED-chT Meesterklasse 2018-19"]
[Site "Netherlands"]
[Date "2018.09.15"]
[Round "1"]
[White "De Groote, Ewoud"]
[Black "Van de Oudeweetering, Arthur"]
[Result "1-0"]
[WhiteElo "2282"]
[BlackElo "2297"]
[Annotator "NA"]
[PlyCount "123"]
[EventDate "2018.09.15"]
[EventType "team-tourn"]
[EventCountry "NED"]
[SourceTitle "playchess.com"]
[Source "ChessBase"]
[SourceQuality "1"]
[TimeControl "40/5400+30:1800+30"]

1. e4 {[%emt 0:00:00]} e5 {[%emt 0:00:00]} 2. Nf3 {[%emt 0:00:00]} Nc6 {[%emt 0:00:00]} 3. Bb5 {[%emt 0:00:00]} a6 {[%emt 0:00:00]} 4. Ba4 {[%emt 0:00:00]} Nf6 {[%emt 0:00:00]} 5. d3 {[%emt 0:00:00]} b5 {[%emt 0:00:36]} 6. Bb3 {[%emt 0:00:00]} Be7 {[%emt 0:00:07]} 7. O-O {[%emt 0:00:13]} Bb7 {[%emt 0:00:34]} 8. Nc3 {[%emt 0:01:05]} O-O {[%emt 0:00:40]} 9. a3 {[%emt 0:00:40]} Nd4 {[%emt 0:06:23]} 10. Ba2 {[%emt 0:04:20]} Nxf3+ {[%emt 0:10:23]} 11. Qxf3 {[%emt 0:00:04]} d6 {[%emt 0:01:15]} 12. h3 {[%emt 0:05:59]} Qd7 {[%emt 0:13:19]} 13. Bd2 {[%emt 0:35:55]} Rad8 {[%emt 0:10:21]} 14. Qg3 {[%emt 0:08:36]} Nh5 {[%emt 0:18:17]} 15. Qg4 {[%emt 0:05:43]} Qxg4 {[%emt 0:03:13]} 16. hxg4 {[%emt 0:00:01]} Nf4 {[%emt 0:00:51]} 17. g3 {[%emt 0:02:26]} Ne6 {[%emt 0:00:55]} 18. Be3 {[%emt 0:01:12]} c6 {[%emt 0:11:32]} 19. f4 {[%emt 0:06:42]} Rd7 {[%emt 0:02:01]} 20. Rae1 {[%emt 0:06:07]} h6 {[%emt 0:07:09]} 21. Ne2 {[%emt 0:06:27]} Kh7 {[%emt 0:03:30]} 22. Kh2 {[%emt 0:04:48]} Bf6 {[%emt 0:02:40]} 23. c3 {[%emt 0:01:46]} c5 {[%emt 0:03:45]} 24. Bb1 {[%emt 0:02:42]} Kg8 {[%emt 0:00:28]} 25. Ng1 {[%emt 0:01:04]} Bd8 {[%emt 0:03:19]} 26. Nf3 {[%emt 0:01:19]} Bf6 {[%emt 0:00:22]} 27. Bc1 {[%emt 0:03:22]} Rc8 {[%emt 0:00:11]} 28. Bd2 {[%emt 0:01:38]} c4 {[%emt 0:00:49]} 29. g5 {[%emt 0:01:31]} hxg5 {[%emt 0:00:09]} 30. fxg5 {[%emt 0:00:13]} Be7 {[%emt 0:00:34]} 31. d4 {[%emt 0:00:15]} g6 {[%emt 0:00:50]} 32. Re2 {[%emt 0:00:40]} Rdc7 {[%emt 0:00:58]} 33. Ref2 {[%emt 0:01:07]} Rf8 {[%emt 0:00:36]} 34. Kg2 {[%emt 0:00:23]} Kg7 {[%emt 0:00:04]} 35. d5 {[%emt 0:00:14]} Nc5 {[%emt 0:00:09]} 36. Be3 {[%emt 0:00:34]} Bd8 {[%emt 0:00:41]} 37. Nd4 {[%emt 0:00:47]} Rh8 {[%emt 0:01:03]} 38. g4 {[%emt 0:00:34]} exd4 {[%emt 0:00:45]} 39. Bxd4+ {[%emt 0:00:15]} f6 {[%emt 0:00:22]} 40. gxf6+ {[%emt 0:00:46]} Kf7 {[%emt 0:00:25]} 41. g5 {[%emt 0:03:53]} Rh5 {[%emt 0:03:04]} 42. Be3 {[%emt 0:01:41]} Kf8 {[%emt 0:19:39]} 43. Bf4 {[%emt 0:07:58]} Rd7 {[%emt 0:03:37]} 44. Rh1 {[%emt 0:02:19]} Kf7 {[%emt 0:00:13]} 45. Rxh5 {[%emt 0:02:32]} gxh5 {[%emt 0:00:02]} 46. Rf3 {[%emt 0:02:42]} Nd3 {[%emt 0:02:40]} 47. Rxd3 {[%emt 0:02:13]} cxd3 {[%emt 0:00:06]} 48. Bxd3 {[%emt 0:00:00]} Bxf6 {[%emt 0:02:33]} 49. gxf6 {[%emt 0:00:06]} Kxf6 {[%emt 0:00:07]} 50. Kf3 {[%emt 0:01:32]} Rd8 {[%emt 0:02:49]} 51. Ke3 {[%emt 0:01:15]} h4 {[%emt 0:00:11]} 52. Kd4 {[%emt 0:00:49]} h3 {[%emt 0:00:32]} 53. Bxd6 {[%emt 0:00:20]} Rh8 {[%emt 0:00:10]} 54. Bh2 {[%emt 0:01:59]} Rh4 {[%emt 0:01:15]} 55. b3 {[%emt 0:02:09]} Rg4 {[%emt 0:00:08]} 56. Bf1 {[%emt 0:00:16]} a5 {[%emt 0:01:05]} 57. Bxh3 {[%emt 0:00:25]} Rh4 {[%emt 0:00:23]} 58. Be5+ {[%emt 0:00:06]} Ke7 {[%emt 0:00:09]} 59. Bf5 {[%emt 0:00:12]} Rh6 {[%emt 0:00:48]} 60. Kc5 {[%emt 0:00:37]} b4 {[%emt 0:00:27]} 61. cxb4 {[%emt 0:00:57]} axb4 {[%emt 0:00:03]} 62. a4 {[%emt 0:00:18]} 1-0

[Event "NED-chT Meesterklasse 2018-19"]
[Site "Netherlands"]
[Date "2018.09.15"]
[Round "1"]
[White "Lammens, Tim"]
[Black "Grafl, Florian"]
[Result "1/2-1/2"]
[WhiteElo "2279"]
[BlackElo "2347"]
[Annotator "NA"]
[PlyCount "83"]
[EventDate "2018.09.15"]
[EventType "team-tourn"]
[EventCountry "NED"]
[SourceTitle "playchess.com"]
[Source "ChessBase"]
[SourceQuality "1"]
[TimeControl "40/5400+30:1800+30"]

1. Nf3 {[%emt 0:00:00]} g6 {[%emt 0:00:00]} 2. e4 {[%emt 0:00:00]} Bg7 {[%emt 0:00:00]} 3. d4 {[%emt 0:00:03]} d6 {[%emt 0:00:00]} 4. Bc4 {[%emt 0:01:02]} e6 {[%emt 0:00:53]} 5. Bb3 {[%emt 0:00:36]} Ne7 {[%emt 0:00:05]} 6. O-O {[%emt 0:00:28]} O-O {[%emt 0:00:18]} 7. Re1 {[%emt 0:00:36]} h6 {[%emt 0:01:43]} 8. Nbd2 {[%emt 0:05:32]} b6 {[%emt 0:01:59]} 9. Nf1 {[%emt 0:01:38]} Bb7 {[%emt 0:02:50]} 10. Ng3 {[%emt 0:00:48]} c5 {[%emt 0:00:52]} 11. c3 {[%emt 0:04:41]} Nbc6 {[%emt 0:02:26]} 12. h4 {[%emt 0:22:00]} cxd4 {[%emt 0:12:43]} 13. cxd4 {[%emt 0:00:10]} e5 {[%emt 0:00:17]} 14. h5 {[%emt 0:11:28]} Kh7 {[%emt 0:02:11]} 15. dxe5 {[%emt 0:22:30]} dxe5 {[%emt 0:03:16]} 16. Qe2 {[%emt 0:01:32]} Qc8 {[%emt 0:23:32]} 17. Bc4 {[%emt 0:05:26]} a6 {[%emt 0:16:03]} 18. Be3 {[%emt 0:02:24]} Nd4 {[%emt 0:02:08]} 19. Nxd4 {[%emt 0:00:50]} exd4 {[%emt 0:00:04]} 20. Bf4 {[%emt 0:00:09]} b5 {[%emt 0:02:40]} 21. Bb3 {[%emt 0:01:52]} Qd7 {[%emt 0:03:34]} 22. Rac1 {[%emt 0:01:17]} Bc6 {[%emt 0:01:20]} 23. e5 {[%emt 0:04:15]} Bd5 {[%emt 0:21:01]} 24. Rcd1 {[%emt 0:08:15]} Bxb3 {[%emt 0:00:53]} 25. axb3 {[%emt 0:00:01]} Rad8 {[%emt 0:00:49]} 26. Qd3 {[%emt 0:00:41]} Qg4 {[%emt 0:00:32]} 27. Re4 {[%emt 0:01:32]} Qe6 {[%emt 0:00:02]} 28. Ne2 {[%emt 0:01:24]} Nc6 {[%emt 0:00:42]} 29. Nxd4 {[%emt 0:00:55]} Nxd4 {[%emt 0:00:53]} 30. Rxd4 {[%emt 0:00:01]} Rxd4 {[%emt 0:00:04]} 31. Qxd4 {[%emt 0:00:02]} Qxb3 {[%emt 0:00:05]} 32. Rd3 {[%emt 0:02:02]} Qe6 {[%emt 0:01:03]} 33. Qe3 {[%emt 0:01:14]} g5 {[%emt 0:00:49]} 34. Bg3 {[%emt 0:00:03]} Re8 {[%emt 0:00:31]} 35. Rd6 {[%emt 0:01:05]} Qf5 {[%emt 0:00:36]} 36. Rxa6 {[%emt 0:00:41]} Bxe5 {[%emt 0:00:03]} 37. Qb6 {[%emt 0:00:41]} Re6 {[%emt 0:00:39]} 38. Qxb5 {[%emt 0:00:14]} Qb1+ {[%emt 0:00:43]} 39. Kh2 {[%emt 0:00:06]} Bxg3+ {[%emt 0:00:21]} 40. Kxg3 {[%emt 0:01:46]} Rxa6 41. Qxa6 Qxb2 42. Qd3+ {[%emt 0:29:53]} 1/2-1/2